Airlines at Guangzhou Airport (CAN) - Statistics

General Stats
  • This quiz has been taken 117 times
    45 since last reset
  • The average score is 38 of 71
Answer Stats
Answer % Correct
Air China
100%
China Airlines
100%
China Southern Airlines
100%
Singapore Airlines
100%
China Eastern Airlines
95%
Japan Airlines
95%
Thai Airways International
95%
Vietnam Airlines
91%
AirAsia
86%
Garuda Indonesia
86%
Hainan Airlines
86%
Philippines AirAsia
86%
Thai AirAsia
86%
XiamenAir
86%
All Nippon Airways
82%
Cathay Pacific
82%
Korean Air
82%
Qatar Airways
82%
Emirates
77%
Malaysia Airlines
77%
Asiana Airlines
73%
EVA Air
73%
Philippine Airlines
73%
Shenzhen Airlines
68%
Aeroflot
64%
Cebu Pacific
64%
Turkish Airlines
59%
VietJet Air
59%
Juneyao Airlines
55%
Lion Air
55%
Sichuan Airlines
55%
Thai Lion Air
55%
Ethiopian Airlines
50%
Shanghai Airlines
50%
9 Air
45%
Egyptair
45%
Kenya Airways
45%
Kuwait Airways
45%
Saudia
45%
Scoot
45%
Beijing Capital Airlines
41%
Cambodia Airways
41%
Chengdu Airlines
41%
Chongqing Airlines
41%
Shandong Airlines
41%
Batik Air Malaysia
36%
Biman Bangladesh Airlines
36%
Gulf Air
36%
Lao Airlines
36%
Urumqi Air
36%
China United Airlines
32%
Kunming Airlines
32%
Myanmar Airways International
32%
S7 Airlines
32%
Spring Airlines
32%
Srilankan Airlines
32%
Tianjin Airlines
32%
Air Tanzania
27%
Hebei Airlines
27%
Loong Air
27%
Iraqi Airways
23%
Lucky Air
23%
TransNusa
23%
US-Bangla Airlines
23%
West Air
23%
Air Cambodia
18%
Mahan Air
18%
Okay Airways
14%
Thai VietJet Air
14%
Air Serbia
9%
Conviasa
0%
No matching quizzes found
Score Distribution
Percent of People with Each Score
Percentile by Number Answered
Your Score History
You have not taken this quiz since the last reset